Les Meilleurs buteurs de la Serie A 2014-2015 - Statistiques

Statistiques générales
  • Ce quiz a été pris 23 fois
  • Le résultat moyen est 6 sur 12
Statistiques - réponses
Buts Nationalité Club Joueur % Correct
18 Argentine SSC Naples Gonzalo Higuaín
96%
22 Argentine Inter Milan Mauro Icardi
78%
13 Argentine Palerme Paulo Dybala
70%
20 Argentine Juventus de Turin Carlos Tévez
61%
14 Italie Udinese Antonio Di Natale
57%
13 Allemagne SS Lazio Miroslav Klose
57%
16 France AC Milan Jérémy Ménez
48%
15 Italie US Sassuolo Domenico Berardi
35%
22 Italie Hellas Vérone Luca Toni
30%
13 Italie Torino Fabio Quagliarella
26%
13 Espagne Genoa Iago Falque
9%
15 Italie SSC Naples Manolo Gabbiadini
4%
Aucun quiz correspondant
Distribution des résultats
% des personnes avec chaque résultat
Percentile par nombre de réponses
Votre historique - résultats
Vous n’avez pas pris ce quiz